Syracuse, city of legends (Record no. 142775)
[ view plain ]
| 000 -LEADER | |
|---|---|
| fixed length control field | 01889nam a2200373 a 4500 |
| 082 04 - DEWEY DECIMAL CLASSIFICATION NUMBER | |
| Classification number | 945.814 |
| 100 1# - MAIN ENTRY--AUTHOR NAME | |
| Personal name | Dummett, Jeremy. |
| 245 10 - TITLE STATEMENT | |
| Title | Syracuse, city of legends |
| 260 ## - PUBLICATION, DISTRIBUTION, ETC. (IMPRINT) | |
| Place of publication | London ; |
| -- | New York : |
| Name of publisher | I. B. Tauris : |
| -- | Distributed in the United States and Canada by Palgrave Macmillan, |
| Year of publication | c2010. |
| 300 ## - PHYSICAL DESCRIPTION | |
| Number of Pages | xxvi, 245 p., [8] p. of plates : |
| Other physical details | ill. (some col.), maps. |
| 505 0# - FORMATTED CONTENTS NOTE | |
| Formatted contents note | Foundation and the rule of Gelon and Hiero I -- Athenian expedition to Sicily -- Dionysius I: tyrant and warlord -- Five more tyrants -- Hiero II and the Roman siege -- Cicero and the rise of Rome -- Saint Lucia and the early Christians -- Byzantium and the Arab Siege -- Outline to 1945 -- Modern Syracuse -- The Greek era -- The Roman era -- The early Christian era -- Baroque Syracuse -- Other important monuments. |
| 856 40 - ELECTRONIC LOCATION AND ACCESS | |
| Uniform Resource Identifier | http://site.ebrary.com/lib/rucke/Doc?id=10426318 |
No items available.
